Statistiken für Kennzeichen in Niedersachsen

Klicken Sie hier um das Quiz zu spielen!

Allgemein

  • Dieses Quiz wurde 122 mal gespielt
  • Das Durchschnittsergebnis liegt bei 32 aus 53

Antwortstatistiken

KennzeichenStadt% Korrekt
HHannover
98%
CUXCuxhaven
96%
EMDEmden
95%
Göttingen
95%
CECelle
92%
OLOldenburg
91%
AURAurich
90%
OSOsnabrück
90%
HIHildesheim
88%
LERLeer
88%
VECVechta
88%
WOBWolfsburg
88%
CLPCloppenburg
87%
BSBraunschweig
85%
UEUelzen
83%
WHVWilhelmshaven
82%
PEPeine
79%
STDStade
78%
VERVerden
76%
DELDelmenhorst
75%
GFGifhorn
71%
LGLüneburg
70%
WTMWittmund
68%
GSGoslar
67%
SZSalzgitter
67%
NINienburg
63%
NORNorden
63%
HMHameln
60%
OHZOsterholz
60%
ROWRotenburg
58%
MELMelle
53%
WFWolfenbüttel
53%
DHDiepholz
51%
DUDDuderstadt
46%
EINEinbeck
46%
BRABrake
45%
NOHNordhorn
45%
HEHelmstedt
42%
SYSyke
42%
WSTWesterstede
42%
HOLHolzminden
39%
DANDannenberg
38%
NOMNortheim
38%
RIRinteln
38%
SHGSchaumburg
37%
BRVBremervörde
35%
WLWinsen
33%
ALFAlfeld
29%
CLZClausthal
24%
BRLBraunlage
23%
BSBBersenbrück
22%
OHAOsterode
18%
GANGandersheim
15%

Verteilung der Resultate

Perzentil nach korrekt beantworteten Fragen

Anzahl Personen mit jedem Resultat

Ihre Resultats-Entwicklung

Sie haben dieses Quiz noch nicht gespielt